Лекции по дифференциальным уравнениям: учебное пособие
| Tác giả của công ty: | |
|---|---|
| Tác giả khác: | , , , |
| Tóm tắt: | Заглавие с титульного экрана Пособие представляет собой конспект лекций по курсу "Дифференциальные уравнения" для студентов ИК ТПУ. Теоретический материал сопровождается подробно разобранными примерами. Кроме того, в пособии рассмотрены несколько вопросов, которые, как правило, не включаются в лекционные курсы и оставляются на самостоятельное изучение. Предназначено для студентов технических вузов. Режим доступа: из корпоративной сети ТПУ |
| Ngôn ngữ: | Tiếng Nga |
| Được phát hành: |
Томск, Изд-во ТПУ, 2012
|
| Những chủ đề: | |
| Truy cập trực tuyến: | http://www.lib.tpu.ru/fulltext2/m/2012/m343.pdf |
| Định dạng: | Điện tử Sách |
| KOHA link: | https://koha.lib.tpu.ru/cgi-bin/koha/opac-detail.pl?biblionumber=218526 |
MARC
| LEADER | 00000nlm0a2200000 4500 | ||
|---|---|---|---|
| 001 | 218526 | ||
| 005 | 20240206161100.0 | ||
| 035 | |a (RuTPU)RU\TPU\book\238556 | ||
| 035 | |a RU\TPU\book\236193 | ||
| 090 | |a 218526 | ||
| 100 | |a 20120621d2012 m y0rusy50 ca | ||
| 101 | 0 | |a rus | |
| 102 | |a RU | ||
| 105 | |a a j 001zy | ||
| 135 | |a drgn ---uucaa | ||
| 181 | 0 | |a i | |
| 182 | 0 | |a b | |
| 200 | 1 | |a Лекции по дифференциальным уравнениям |e учебное пособие |f О. Н. Имас, Е. Г. Пахомова, С. В. Рожкова, И. Г. Устинова |g Национальный исследовательский Томский политехнический университет (ТПУ), Физико-технический институт (ФТИ), Кафедра высшей математики (ВМ) | |
| 203 | |a Текст |c электронный | ||
| 210 | |a Томск |c Изд-во ТПУ |d 2012 | ||
| 300 | |a Заглавие с титульного экрана | ||
| 330 | |a Пособие представляет собой конспект лекций по курсу "Дифференциальные уравнения" для студентов ИК ТПУ. Теоретический материал сопровождается подробно разобранными примерами. Кроме того, в пособии рассмотрены несколько вопросов, которые, как правило, не включаются в лекционные курсы и оставляются на самостоятельное изучение. Предназначено для студентов технических вузов. | ||
| 333 | |a Режим доступа: из корпоративной сети ТПУ | ||
| 337 | |a Adobe Reader | ||
| 452 | 1 | |0 (RuTPU)RU\TPU\book\249573 |t Лекции по дифференциальным уравнениям |o учебное пособие |f О. Н. Имас [и др.] |g Национальный исследовательский Томский политехнический университет (ТПУ) |c Томск |n Изд-во ТПУ |d 2012 |p 193 с. | |
| 606 | 1 | |a Дифференциальные уравнения |2 stltpush |3 (RuTPU)RU\TPU\subj\9693 |9 36875 | |
| 610 | 1 | |a электронный ресурс | |
| 610 | 1 | |a труды учёных ТПУ | |
| 610 | 1 | |a учебные пособия | |
| 610 | 1 | |a примеры | |
| 610 | 1 | |a задачи | |
| 610 | 1 | |a уравнения высших порядков | |
| 610 | 1 | |a уравнения первого порядка | |
| 610 | 1 | |a системы уравнений | |
| 675 | |a 517.9(075.8) |v 3 | ||
| 701 | 1 | |a Имас |b О. Н. |c математик |c доцент Томского политехнического университета, кандидат физико-математических наук |f 1967- |g Ольга Николаевна |3 (RuTPU)RU\TPU\pers\29543 |9 14079 | |
| 701 | 1 | |a Пахомова |b Е. Г. |c российский математик |c доцент Томского политехнического университета, кандидат физико-математических наук |f 1969- |g Елена Григорьевна |3 (RuTPU)RU\TPU\pers\25969 | |
| 701 | 1 | |a Рожкова |b С. В. |c математик |c профессор Томского политехнического университета, доктор физико-математических наук |f 1971- |g Светлана Владимировна |3 (RuTPU)RU\TPU\pers\25740 |9 11642 | |
| 701 | 1 | |a Устинова |b И. Г. |c математик |c доцент Томского политехнического университета, кандидат технических наук |f 1960- |g Ирина Георгиевна |3 (RuTPU)RU\TPU\pers\29352 |9 13938 | |
| 712 | 0 | 2 | |a Национальный исследовательский Томский политехнический университет (ТПУ) |b Физико-технический институт (ФТИ) |b Кафедра высшей математики (ВМ) |3 (RuTPU)RU\TPU\col\18728 |
| 801 | 2 | |a RU |b 63413507 |c 20201029 |g RCR | |
| 856 | 4 | |u http://www.lib.tpu.ru/fulltext2/m/2012/m343.pdf | |
| 942 | |c CF | ||